000 01090nam a2200325 i 4500
001 179624
003 ES-MaACL
005 20230922175754.0
008 111226s2010 sp aco |||| |dspa d
020 _a978-84-87744-54-9
080 _a792(083.97)
080 _a821.133.1-23"19"
100 1 _aGenet, Jean.
_956303
245 1 3 _aEl balcón /
_cGenet ; dirección, Ángel Facio.
250 _a1ª ed.
260 _aMadrid :
_bTeatro Español,
_c2010.
300 _a460 p. :
_bil. col. y n., fot., retr. ;
_c20 x 20 cm.
490 1 _aCuadernos del Teatro Español ;
_v30
505 8 _aContiene: ;
_tCuatro horas en Chatila /
_rJean Genet
600 1 4 _aGenet, Jean.
_956303
650 7 _aTeatro-
_xProgramas.
_9145288
700 1 _aFacio, Ángel.
_9148857
710 2 _aMatadero Madrid.
_9137698
710 2 _aTeatro Español (Madrid)
_9143020
740 0 2 _aCuatro horas en Chatila.
830 0 _aCuadernos del Teatro Español ;
_v30
_9189460
852 _aES-MaACL
_jA-11767
_9186521
_bR.146713
_cDEPO1
_dOlim: N-4772
942 _2udc
_cMONOGRAFIA
999 _c179624
_d179624